HNL top scorers by season - Statistics

General Stats
  • This quiz has been taken 101 times
  • The average score is 10 of 23
Answer Stats
Hint club Answer % Correct
2021/22 Hajduk Split Marko Livaja
98%
2022/23 Hajduk Split Marko Livaja
98%
2020/21 Osijek Ramon Mierez
79%
2008/09 Dinamo Zagreb Mario Mandžukić
67%
2014/15 Rijeka Andrej Kramarić
66%
2017/18 Dinamo Zagreb El Arbi Hillel Soudani
64%
2018/19 Hajduk Split Mijo Caktaš
58%
2006/07 Dinamo Zagreb Eduardo da Silva
57%
2016/17 Hajduk Split Marko Futacs
47%
2015/16 Inter Zaprešić Ilija Nestorovski
45%
2001/02 Zagreb Ivica Olić
45%
2002/03 Dinamo Zagreb Ivica Olić
45%
2010/11 Zagreb Ivan Krstanović
42%
2009/10 Zagreb Davor Vugrinec
37%
2019/20 Rijeka Antonio Mirko Čolak
28%
2013/14 Dinamo Zagreb Duje Čop
27%
2004/05 Rijeka Tomislav Erceg
26%
2012/13 Rijeka Leon Benko
25%
2007/08 Zadar Želimir Terkeš
22%
2005/06 Dinamo Zagreb Ivan Bošnjak
18%
2003/04 Osijek Robert Špehar
17%
2011/12 Dinamo Zagreb Fatos Bećiraj
16%
2000/01 Dinamo Zagreb Tomo Šokota
15%
No matching quizzes found
Score Distribution
Percent of People with Each Score
Percentile by Number Answered
Your Score History
You have not taken this quiz